000 00824nam a2200265Ia 4500
008 160319s9999 xx 000 0 und d
020 _a9712710882
050 _aFil 959.9057
050 _bC822e 2001
100 _aCoronel, Sheila S.
245 _aEDSA 2 :
245 _ba nation in revolt : a photographic journal /
245 _cwith text by Sheila S. Coronel.
260 _aPasig City :
260 _bAnvil Publishing Inc.
260 _c2001
300 _avii, 232 pages :
300 _bphoto ;
300 _c28 cm.
650 _aEdsa -- Philippines -- History -- Revolution, 200l.
650 _aEstrada, Joseph Ejercito, 1937-
650 _aPhilippines -- Politics and government.
650 _aPhilippines.President(1998-2001 : Estrada).
650 _aPresidents -- Philippines -- Biography.
999 _c292361
_d292361